000 00563nam a2200181Ia 4500
008 100917s9999 xx 000 0 und d
082 _b11191
100 _aकेशव दत्ता
245 _aरात्र थोडी सोंग फार
260 _bकोठावळे प्रकाशन
_c1973
300 _a85
365 _b5
520 _aनाटक
630 _aरात्र थोडी सोंग फार
650 _aनाटक
730 _aरात्र थोडी सोंग फार
942 _cBOOK
999 _c616585
_d616582